[Event "Pas de deux?"]
[Site "http://www.queenalice.com/game.php?id=243901"]
[Date "2007.7.22"]
[Round "-"]
[White "Vanadia"]
[Black "Alacrity"]
[Result "0-1"]
[WhiteElo "1196"]
[BlackElo "1564"]

1. e4 e5 2. Ne2 Nf6 3. d4 Nxe4 4. f3 Ng5 5. Ng3 exd4 6. Bd3 Nc6 7. O-O Ne6 8.
Ne4 d5 9. Ng5 Nxg5 10. Na3 Bxa3 11. bxa3 O-O 12. Rb1 Ne6 13. c4 dxc4 14. Bxc4 b6
15. a4 Ne5 16. Bb5 a6 17. Be2 d3 18. Bxd3 Qd4+ 19. Rf2 Nxd3 20. Be3 Qxe3 21.
Qxd3 Qxd3 22. Re1 Bb7 23. f4 Nxf4 24. Rxf4 Qd2 25. Ref1 Qxg2# 0-1

[Event "Such a Nag :)"]
[Site "http://www.queenalice.com/game.php?id=252991"]
[Date "2007.8.8"]
[Round "-"]
[White "Vanadia"]
[Black "TannTalas"]
[Result "0-1"]
[WhiteElo "1193"]
[BlackElo "1363"]

1. e4 e5 2. Nf3 Qe7 3. Bc4 Nf6 4. O-O Nxe4 5. d3 Nc5 6. d4 exd4 7. Nxd4 Qe5 8.
b4 Nca6 9. b5 Nc5 10. b6 axb6 11. Nc3 Ra5 12. Nd5 Bd6 13. Nb5 Qxh2# 0-1

[Event "Not giving up"]
[Site "http://www.queenalice.com/game.php?id=256848"]
[Date "2007.8.17"]
[Round "-"]
[White "Vanadia"]
[Black "TannTalas"]
[Result "0-1"]
[WhiteElo "1172"]
[BlackElo "1372"]

1. d4 b5 2. Nc3 c6 3. e3 a5 4. b3 a4 5. d5 axb3 6. cxb3 b4 7. Ne4 Ba6 8. Bxa6
Rxa6 9. Ne2 cxd5 10. Nc5 Rc6 11. Nd3 Nf6 12. Nxb4 Qa5 13. Bd2 Rb6 14. a3 e6 15.
e4 Nxe4 16. Bf4 d6 17. Rc1 e5 18. Bg5 Nxg5 19. O-O Rb5 20. Nxd5 Rxd5 21. Qc2 Be7
22. Qc8+ Qd8 23. Qg4 Rd3 24. Qa4+ Nd7 25. h4 Ne6 26. Qc4 e4 27. Qxe4 Nec5 28.
Nf4 Nxe4 29. Nxd3 Bxh4 30. Rce1 Qe7 31. b4 d5 32. Nf4 Qe5 33. Nh3 Be7 34. f3 g5
35. fxe4 dxe4 36. a4 Bxb4 37. Re2 Bc5+ 38. Kh1 Bd6 39. a5 Qh2# 0-1

[Event "Wanna beat me again? :)"]
[Site "http://www.queenalice.com/game.php?id=257058"]
[Date "2007.8.17"]
[Round "-"]
[White "Vanadia"]
[Black "Alacrity"]
[Result "1-0"]
[WhiteElo "1172"]
[BlackElo "1644"]

1. e4 e6 2. d4 Nc6 3. c3 d5 4. exd5 exd5 5. Nf3 Bd6 6. Bc4 dxc4 7. O-O Nge7 8.
Bg5 f6 9. Bh4 Bf5 10. Nbd2 Bd3 11. Re1 O-O 12. b3 Nd5 13. bxc4 Nxc3 14. Qb3 Bb4
15. d5 Ne2+ 16. Kh1 Bxd2 17. Nxd2 Ne5 18. f4 Nxf4 19. Bg3 Nxg2 20. Kxg2 Bxc4 21.
Qc3 Qxd5+ 22. Kg1 Qc5+ 23. Bf2 Ng4 24. Bxc5 Bd5 25. Qb4 Ne5 26. Nf1 Rfd8 27.
Rad1 Nf3+ 28. Kf2 Nxe1 29. Rxe1 b6 30. Ne3 bxc5 31. Qxc5 Bxa2 32. Nf5 Rd2+ 33.
Kg1 Bf7 34. Ne7+ Kh8 35. Qxc7 a5 36. Qf4 Re8 37. Qc7 a4 38. Qc3 Ra2 39. Qc7 a3
40. Qd7 Rb8 41. Nf5 Rf8 42. Re7 Ra1+ 43. Kf2 Bc4 44. Rxg7 1-0

[Event "Challenge"]
[Site "http://www.queenalice.com/game.php?id=276149"]
[Date "2007.9.23"]
[Round "-"]
[White "Vanadia"]
[Black "Ponce"]
[Result "0-1"]
[WhiteElo "1156"]
[BlackElo "1396"]

1. e4 e5 2. d3 Bc5 3. Nf3 Nc6 4. Nc3 Nf6 5. Ng5 d6 6. Nb5 O-O 7. c3 h6 8. Nf3
Ng4 9. Kd2 Nxf2 10. Qe1 Nxh1 11. d4 Bb6 12. d5 Ne7 13. Bc4 Nf2 14. Be2 Nxe4+ 15.
Kc2 Bf5 16. Kd1 a6 17. Na3 Nxd5 18. Nh4 Be6 19. c4 Nf2+ 20. Kc2 Qxh4 21. g3 Bf5+
22. Kd2 Qd4+ 23. Bd3 Qxd3# 0-1

[Event "Challenge"]
[Site "http://www.queenalice.com/game.php?id=282625"]
[Date "2007.10.7"]
[Round "-"]
[White "Narciso"]
[Black "Vanadia"]
[Result "1-0"]
[WhiteElo "1301"]
[BlackElo "1115"]

1. d3 e5 2. g3 d6 3. Qd2 Bf5 4. e4 Bg4 5. f3 Qf6 6. Qe3 c6 7. h3 Bxf3 8. Nxf3 d5
9. Nc3 d4 10. Qf2 dxc3 11. bxc3 Na6 12. g4 Qd6 13. c4 Nb4 14. Bb2 g6 15. Ba3 Bh6
16. g5 Bxg5 17. Nxg5 f6 18. c3 fxg5 19. Bxb4 Qe6 20. a3 Nh6 21. Rg1 b6 22. Rxg5
Nf7 23. d4 Nxg5 24. d5 cxd5 25. exd5 Qg8 26. Rd1 Qg7 27. c5 Ne4 28. Qf3 Nf6 29.
d6 Rd8 30. cxb6 axb6 31. Qc6+ Kf7 32. Qc7+ Nd7 33. Rd2 Rhe8 34. Rf2+ Ke6 35.
Bc4# 1-0

[Event "Snugglebunnies"]
[Site "http://www.queenalice.com/game.php?id=284710"]
[Date "2007.10.11"]
[Round "-"]
[White "Vanadia"]
[Black "Alacrity"]
[Result "0-1"]
[WhiteElo "1115"]
[BlackElo "1685"]

1. e4 e5 2. f3 Nf6 3. Bc4 d5 4. exd5 Nxd5 5. f4 Nxf4 6. Nf3 Nxg2+ 7. Kf2 Bh3 8.
Nxe5 Qd4+ 9. Ke2 Qxe5+ 10. Kf2 Bc5+ 11. d4 Bxd4+ 12. Qxd4 Qxd4+ 13. Kg3 Qh4+ 14.
Kf3 Qxc4 15. Rg1 Qg4+ 16. Kf2 Qf5+ 17. Ke2 Bg4+ 18. Kd2 Qf2+ 19. Kc3 Nc6 20. Nd2
Qd4+ 0-1

[Event "once more into the breach perhap"]
[Site "http://www.queenalice.com/game.php?id=286388"]
[Date "2007.10.14"]
[Round "-"]
[White "TannTalas"]
[Black "Vanadia"]
[Result "1-0"]
[WhiteElo "1380"]
[BlackElo "1101"]

1. a4 e5 2. Ra3 f6 3. Rc3 c6 4. b3 d5 5. e3 Nh6 6. f3 Nd7 7. f4 exf4 8. exf4 b6
9. Re3+ Kf7 10. Qf3 f5 11. g3 d4 12. Re2 Nc5 13. d3 Ng4 14. Qxc6 Bb7 15. Qb5 Ne3
16. Bxe3 dxe3 17. Rxe3 Bxh1 18. Bh3 Qf6 19. Qc4+ Kg6 20. Nc3 b5 21. Qb4 a5 22.
Bxf5+ Qxf5 23. Qxb5 h5 24. Nd1 Bd6 25. Nf2 Bd5 26. c4 Bg2 27. Ne2 Rab8 28. Qxa5
Nxb3 29. Qc3 Bc5 30. Nd1 Rhd8 31. Nb2 Qh3 32. Kf2 Qxh2 33. f5+ Kg5 34. a5 Rf8
35. Qxg7+ Kxf5 36. d4 Bb4 37. Re5# 1-0

[Event "Challenge"]
[Site "http://www.queenalice.com/game.php?id=287857"]
[Date "2007.10.17"]
[Round "-"]
[White "renanr3"]
[Black "Vanadia"]
[Result "1-0"]
[WhiteElo "1100"]
[BlackElo "1145"]

1. e3 d5 2. b3 c5 3. g4 Nc6 4. c4 Be6 5. d4 cxd4 6. exd4 Qa5+ 7. Bd2 Qb6 8. c5
Qc7 9. b4 Nxd4 10. Bc3 Nc6 11. Na3 Nh6 12. h3 f5 13. gxf5 Bxf5 14. Qxd5 a6 15.
b5 axb5 16. Nxb5 Qf4 17. Ne2 Qa4 18. Nc7# 1-0

[Event "Try again"]
[Site "http://www.queenalice.com/game.php?id=296086"]
[Date "2007.10.31"]
[Round "-"]
[White "Vanadia"]
[Black "Ponce"]
[Result "0-1"]
[WhiteElo "1103"]
[BlackElo "1481"]

1. e4 e5 2. Bc4 Nc6 3. d3 Qf6 4. f3 Bc5 5. Ne2 a6 6. c3 Nge7 7. b4 Bd6 8. d4
exd4 9. a3 O-O 10. cxd4 b5 11. Bd5 Nxd5 12. exd5 Ne7 13. Nbc3 Bb7 14. g3 Qxf3
15. Rf1 Qg2 16. Ra2 Qxh2 17. a4 Bxb4 18. Rc2 Rae8 19. axb5 axb5 20. Rd2 Bxd5 21.
Nf4 Qxg3+ 22. Ke2 Bc4+ 23. Nd3 Nf5+ 24. Ne4 Qe3# 0-1

[Event "Challenge"]
[Site "http://www.queenalice.com/game.php?id=297175"]
[Date "2007.11.2"]
[Round "-"]
[White "Vanadia"]
[Black "Nunes"]
[Result "0-1"]
[WhiteElo "1095"]
[BlackElo "1586"]

1. d4 d5 2. e3 Nf6 3. f4 Bf5 4. Nf3 e6 5. c3 Nc6 6. g3 Bd6 7. Nbd2 Qe7 8. b3 O-O
9. c4 dxc4 10. Nxc4 Bb4+ 11. Ke2 Ne4 12. g4 Nc3+ 13. Kd2 Nxd1+ 14. Kxd1 Bxg4 15.
Ke2 Qh4 16. h3 Qe1+ 17. Kd3 Bxf3 18. Kc2 Qc3+ 19. Kb1 Bxh1 20. a3 Qxb3+ 21. Bb2
Be4+ 22. Kc1 Qc2# 0-1

[Event "better than sex?"]
[Site "http://www.queenalice.com/game.php?id=349246"]
[Date "2008.2.6"]
[Round "-"]
[White "Vanadia"]
[Black "Alacrity"]
[Result "0-1"]
[WhiteElo "1092"]
[BlackElo "1713"]

1. d4 e6 2. h4 Nf6 3. e3 Nc6 4. Nf3 d5 5. Ne5 Nxe5 6. Bb5+ Nc6 7. Bd3 Bb4+ 8. c3
Ba5 9. Na3 O-O 10. Qf3 e5 11. dxe5 Nxe5 12. Qe2 Bg4 13. f3 Nxd3+ 14. Qxd3 Bh5
15. Qf5 Qd6 16. Nb5 Qg3+ 17. Kf1 Bg6 18. Rh3 Bxf5 19. Rxg3 Bd3+ 20. Kf2 Bxb5 21.
Bd2 Bb6 22. a4 Bd3 23. Rd1 c6 24. Ra1 Rae8 25. Ra3 Bc7 26. Rb3 Bxg3+ 27. Kxg3 b6
28. Rb4 Bc2 29. a5 c5 30. Rb5 Ba4 31. Rxb6 axb6 32. axb6 Rb8 33. e4 dxe4 34.
fxe4 Nxe4+ 35. Kf4 Nxd2 36. g3 Rxb6 0-1

[Event "Trying out the mommy brain"]
[Site "http://www.queenalice.com/game.php?id=349839"]
[Date "2008.2.7"]
[Round "-"]
[White "TannTalas"]
[Black "Vanadia"]
[Result "1-0"]
[WhiteElo "1437"]
[BlackElo "1095"]

1. d4 d5 2. f3 e6 3. e4 Nf6 4. b3 Nc6 5. c4 Nb4 6. Bg5 c6 7. e5 Qd7 8. exf6 Rg8
9. Bd3 g6 10. a3 Nxd3+ 11. Qxd3 h6 12. Bf4 g5 13. Be5 h5 14. Nc3 g4 15. O-O-O
Bh6+ 16. Kb2 b6 17. c5 bxc5 18. dxc5 Rg5 19. Bd6 Rg6 20. h3 g3 21. h4 Rxf6 22.
Nge2 e5 23. Nxg3 Rb8 24. b4 a5 25. Nxh5 Bf4 26. Nxf6+ Kd8 27. Nxd7 Kxd7 28. Qf5+
Kd8 29. Qxf7 Rxb4+ 30. axb4 axb4 31. Qe7# 1-0

[Event "Challenge"]
[Site "http://www.queenalice.com/game.php?id=366222"]
[Date "2008.3.5"]
[Round "-"]
[White "Vanadia"]
[Black "Ponce"]
[Result "0-1"]
[WhiteElo "1092"]
[BlackElo "1651"]

1. d4 d5 2. c3 Bf5 3. Nd2 e6 4. e3 Nf6 5. Qa4+ c6 6. Ngf3 b5 7. Qb3 a5 8. a4 b4
9. cxb4 Bxb4 10. Ne5 O-O 11. g3 Ne4 12. Bd3 Bxd2+ 13. Ke2 Qf6 14. Nf3 Nd7 15.
Bxd2 Bg4 16. Kd1 Bxf3+ 17. Ke1 Bxh1 18. f3 Bxf3 19. Qb7 Bg4 20. Qxd7 Qf2# 0-1

[Event "Challenge"]
[Site "http://www.queenalice.com/game.php?id=376331"]
[Date "2008.3.24"]
[Round "-"]
[White "faver_154"]
[Black "Vanadia"]
[Result "1-0"]
[WhiteElo "1639"]
[BlackElo "1092"]

1. d4 d5 2. Nf3 Bf5 3. b3 Nc6 4. c4 dxc4 5. bxc4 e6 6. Nc3 Bb4 7. Bb2 Ba5 8. a3
Nh6 9. e3 Ng4 10. Bd3 g6 11. Bxf5 gxf5 12. O-O Rg8 13. Ne2 Qd6 14. Qc2 Rg6 15.
Nf4 Rh6 16. Rad1 e5 17. dxe5 Qc5 18. Rd5 Qb6 19. Rb5 Qa6 20. Nd5 Nb4 21. axb4
Bxb4 22. Nxc7+ Ke7 23. Nxa6 bxa6 24. Rxb4 a5 25. Rb7+ Ke6 26. Ng5# 1-0

[Event "Once more into the Breach go you"]
[Site "http://www.queenalice.com/game.php?id=380532"]
[Date "2008.4.1"]
[Round "-"]
[White "Vanadia"]
[Black "TannTalas"]
[Result "0-1"]
[WhiteElo "1092"]
[BlackElo "1442"]

1. e3 d5 2. Bb5+ c6 3. Ba4 e5 4. Nf3 e4 5. Ne5 g6 6. c4 Qd6 7. f4 a6 8. Qb3 Nf6
9. cxd5 Nxd5 10. Qc4 Nb4 11. Qxe4 Nd3+ 12. Ke2 Nxc1+ 13. Rxc1 Bg7 14. Nxg6+ Be6
15. Nxh8 f5 16. Qf3 Bxh8 17. Qh5+ Bf7 18. Qxf5 Bxb2 19. Nc3 Bc4+ 20. Kd1 b5 21.
Bc2 Bxc3 22. Bd3 Bxd3 23. Rxc3 Bxf5 24. h3 b4 25. Rcc1 c5 26. h4 Bg6 27. Rc4 Qd5
28. Rac1 Nd7 29. f5 Bxf5 30. Ke2 Qxg2+ 31. Ke1 Bg4 32. Rxg4 Qxg4 33. Rb1 O-O-O
34. d3 Ne5 35. d4 Nf3+ 36. Ke2 Qg2+ 37. Kd3 Re8 38. dxc5 a5 39. c6 Qd2+ 40. Kc4
Qc2+ 41. Kb5 Re5+ 42. Kb6 Qc5+ 0-1

[Event "Once More?"]
[Site "http://www.queenalice.com/game.php?id=383840"]
[Date "2008.4.7"]
[Round "-"]
[White "Vanadia"]
[Black "Ponce"]
[Result "0-1"]
[WhiteElo "1092"]
[BlackElo "1613"]

1. e4 e5 2. Nc3 c5 3. Bc4 Nf6 4. g3 d6 5. Nf3 Nc6 6. Nh4 Be7 7. b3 Nd4 8. Nb5
O-O 9. c3 Nc6 10. d4 cxd4 11. cxd4 exd4 12. Bf4 a6 13. e5 Qa5+ 14. b4 Qxb4+ 15.
Qd2 Qxc4 16. Na3 Qd5 17. exf6 Qxh1+ 18. Ke2 Qxa1 19. Nc4 Bg4+ 20. f3 Bh3 21.
fxe7 Qf1# 0-1

[Event "Challenge"]
[Site "http://www.queenalice.com/game.php?id=405431"]
[Date "2008.5.19"]
[Round "-"]
[White "Vanadia"]
[Black "Ponce"]
[Result "0-1"]
[WhiteElo "1093"]
[BlackElo "1634"]

1. d4 Nf6 2. Nc3 e6 3. Nf3 d5 4. Ne5 Bd6 5. f4 Bb4 6. a3 Bxc3+ 7. bxc3 O-O 8. g3
Nbd7 9. Bh3 Nxe5 10. fxe5 Nd7 11. e3 c5 12. Qd3 c4 13. Qd2 Qe7 14. e4 dxe4 15.
Rf1 b5 16. Qe3 Bb7 17. Rb1 a6 18. Rb4 Nb6 19. a4 Nxa4 20. d5 Bxd5 21. Qf4 Nxc3
22. Ba3 a5 23. Rb2 Qxa3 24. Qc1 a4 25. Bg4 Qc5 26. Qd2 a3 27. Bh5 Na4 28. Rb1 c3
29. Qf2 e3 30. Qe2 Nb2 31. g4 Nc4 32. Kd1 Qd4+ 0-1